000
00344pab a2200145 454500
008
180718b1989 xxu||||| |||| 00| 0 eng d
100
_a
Kunwar, Upendra
245
_a
Decentralised planning in India
260
_c
1989
300
_a
457-63
362
_a
Aug.
650
_a
Decentralisation - India
773
_a
Khadi Gramodyog
909
_a
7061
999
_c
7061
_d
7061